| 000 | 00943cam a2200277 a 4500 | ||
|---|---|---|---|
| 001 | 2630351 | ||
| 003 | OSt | ||
| 005 | 20170105101205.0 | ||
| 008 | 990322s2000 at a b 001 0 eng | ||
| 010 | _a 99024491 | ||
| 020 | _a053434898X (alk. paper) | ||
| 040 |
_aDLC _cDLC _dDLC |
||
| 050 | 0 | 0 |
_aBF698 _b.R96 2000 |
| 082 | 0 | 0 |
_a155.2 _221 |
| 100 | 1 | _aRyckman, Richard M. | |
| 245 | 1 | 0 |
_aTheories of personality / _cRichard M. Ryckman. |
| 246 | 3 | 0 | _aPersonality |
| 250 | _a7th ed. | ||
| 260 |
_aAustralia ; _aBelmont, CA : _bWadsworth Pub. Co., _cc2000. |
||
| 300 |
_axxiii, 693 p. : _bill. ; _c25 cm. |
||
| 504 | _aIncludes bibliographical references and indexes. | ||
| 650 | 0 |
_aPersonality _vTextbooks. |
|
| 906 |
_a7 _bcbc _corignew _d1 _eocip _f19 _gy-gencatlg |
||
| 942 |
_2ddc _cBK |
||
| 999 |
_c2940 _d2940 |
||